| 000 | 02264nam a22002657a 4500 | ||
|---|---|---|---|
| 005 | 20240305165430.0 | ||
| 007 | cr|||| |||| | ||
| 008 | 150529s2014 br |||||s|||| 00||0 por d | ||
| 020 | _a978-85-361-3182-5 | ||
| 035 | _a12719 | ||
| 040 | _avLex | ||
| 090 |
_c5456 _d5456 |
||
| 100 | 1 | _aFagundes Freitas, Christiano Abelardo | |
| 245 | 1 | 0 |
_aManual dos Direitos Trabalhistas do Empregado e do Empregador Doméstico 2014 _h[Recurso electrónico] / _cChristiano Abelardo Fagundes Freitas, Léa Cristina Barboza Da Silva Paiva |
| 256 | _aServicio en línea | ||
| 260 |
_aSan Pablo: _bLTR Editora, _c2014 |
||
| 300 | _a1 recurso electrónico | ||
| 500 | _aQuando o assunto em questão são os direitos trabalhistas dos empregados domésticos, muitos são os questionamentos que surgem. Assim, este Manual dos Direitos Trabalhistas do Empregado e do Empregador Doméstico vem em um momento bastante oportuno, mormente, pelas dúvidas oriundas da Emenda Constitucional n. 72/2013. A Emenda Constitucional n. 72/2013 ampliou, de forma significativa, o rol dos direitos trabalhistas do empregado doméstico, mas existem muitos deles que ainda dependem de regulamentação. Fruto da larga experiência dos autores, tanto na advocacia trabalhista, como no magistério superior, Manual dos Direitos Trabalhistas do Empregado e do Empregador Doméstico, de forma bastante didática, aborda os direitos dos empregados domésticos já em vigor, os que dependem de regulamentação e os direitos não assegurados a essa categoria profissional. A obra registra, ainda, jurisprudências e doutrina acerca dos temas analisados, constituindo-se valiosa fonte de consulta. | ||
| 506 | 1 |
_aDisponible solo en los productos indicados _dvLex Global _dvLex Global (Academic Edition, excluding Law Schools) _dvLex Global (U.S. Academic Edition, Law Schools) _dvLex Global (U.S. Academic Edition, excluding Law Schools) _dvLex Global (Academic Edition, Law Schools) |
|
| 650 | 0 | 4 |
_aDerecho Laboral y Seguridad Social _zBrasil |
| 700 | 1 | _aDa Silva Paiva, Léa Cristina Barboza | |
| 740 | 0 | _avLex Libros (Servicio en línea) | |
| 856 | 4 | 0 | _uhttps://app.vlex.com/#/sources/manual-dos-direitos-trabalhistas-do-empregado-e-do-empregador-domestico-2014-12719 |
| 942 | _cRAA | ||
| 999 |
_c163797 _d163797 |
||